000
00263nam a22001217a 4500
020
_a
0-7214-1651-9
082
_a
823
_b
POT/J
100
_a
POTTER BEATRIX
245
_a
MR JEREMY FISHER
260
_a
UK
_b
LADY BIRD
650
_a
ENGLISH SHORT STORY
_z
UK
942
_c
BK
999
_c
2121
_d
2121